Biblioteca

Archaeology and the Old Testament (Registro nro. 68494)

Detalles MARC
000 -LÍDER
Campo fijo de descripción fija 01903cam a2200361 i 4500
001 - NÚMERO DE CONTROL
Campo de control 768714001
003 - IDENTIFICADOR DEL NÚMERO DE CONTROL
Campo de control CO-MdFUSB
005 - FECHA Y HORA DE LA ULTIMA TRANSACCIÓN
control field 20230324123432.0
007 - CAMPO FIJO DE DESCRIPCIÓN FIJA--INFORMACIÓN GENERAL
Campo fijo de descripción fija ta
008 - ELEMENTOS DE LONGITUD FIJA -- INFORMACIÓN GENERAL
Campo fijo de descripción fija -- Información general 980428t1998 miuab b 001 0 eng
020 ## - NÚMERO INTERNACIONAL NORMALIZADO PARA LIBROS
Número Internacional Normalizado del libro 0801011299
040 ## - FUENTE DE CATALOGACIÓN
Agencia de catalogación original DLC
Agencia que realiza la transcripción CO-MdFUSB
Agencia que realiza la modificación CWC
-- UtOrBLW
Idioma de catalogación spa
Convenciones de la descripción rda
041 ## - CÓDIGO DE IDIOMA
Código de idioma para texto/pista de sonido o título separado eng
082 ## - NÚMERO DE CLASIFICACIÓN DECIMAL DEWEY
Número de la edición del Dewey 23
Número de clasificación 221.93
Clave de autor-Numero de item H694
100 1# - ASIENTO PRINCIPAL--NOMBRE PERSONAL
Nombre personal Hoerth, Alfred J.
Término relacionador autor
245 10 - TÍTULO
Título del Material Archaeology and the Old Testament
Mención de responsabilidad, etc. / Alfred J. Hoerth
264 #1 - PRODUCCIÓN, PUBLICACIÓN, DISTRIBUCIÓN, MANUFACTURA, Y COPYRIGHT
Lugar de producción, publicación, distribución, manufactura Grand Rapids, Mich. :
Nombre del productor, publicador, distribuidor Baker Books,
Fecha de producción, publicación, distribución, manufactura, o copyright [1998]
264 #4 - PRODUCCIÓN, PUBLICACIÓN, DISTRIBUCIÓN, MANUFACTURA, Y COPYRIGHT
Fecha de producción, publicación, distribución, manufactura, o copyright ©1998.
300 ## - DESCRIPCIÓN FÍSICA
Extensión 447 páginas :
Otros detalles físicos ilustraciones, mapas ;
Dimensiones 26 cm.
336 ## - TIPO DE CONTENIDO
Fuente rdacontent
Término de tipo de contenido texto
Código de tipo de contenido txt
337 ## - TIPO DE MEDIO
Fuente rdamedia
Nombre del tipo de medio sin mediación
Código del tipo de medio n
338 ## - TIPO DE SOPORTE
Fuente rdacarrier
Nombre del tipo de soporte volumen
Código Tipo de soporte nc
504 ## - NOTA DE BIBLIOGRAFÍA, ETC.
Nota de bibliografía, etc Incluye referencias bibliográficas e índices.
505 ## - NOTA DE CONTENIDO
Nota de contenido con formato preestablecido Arqueología: qué es, qué hace, qué no hace. -- Mesopotamia antes de Abraham. -- La Mesopotamia de Abraham. -- Palestina patriarcal: Abraham y Lot. -- Palestina patriarcal: Abraham, Isaac, Jacob y Esaú. -- Egipto antes de José -7. José y Moisés en Egipto. -- El Éxodo y el Monte Sinaí. -- Primeras Cosas: Desde la Creación hasta la Torre de Babel. -- La peregrinación por el desierto y la conquista. -- Los últimos años de Josué y el período de los jueces. -- Los comienzos de la realeza. -- David como rey. -- Salomón como rey. -- El primitivo reino dividido 931-841. -- El último reino dividido 841-722. -- Solo Judá 722-586. -- El exilio. -- Desde la restauración hasta el final del Antiguo Testamento. -- Hacia el Nuevo Testamento
563 ## - NOTA DE ENCUADERNACIÓN
Nota de encuadernación Pasta dura
630 #0 - TITULO UNIFORME
Título uniforme Biblia.
Nombre de parte o sección de la obra Antiguo Testamento
Subdivisión de materia general Arqueología.
630 #7 - TITULO UNIFORME
Título uniforme Biblia.
Nombre de parte o sección de la obra Antiguo Testamento
Subdivisión de materia general Historia y crítica
650 #7 - ASIENTO SECUNDARIO DE MATERIA - TERMINO TEMÁTICO
Fuente del encabezamiento o término embne
9 (RLIN) 2124
Término temático o nombre geográfico como elemento de entrada Arqueología bíblica
653 ## - TÉRMINO DE INDIZACIÓN - NO CONTROLADO
Término no controlado Biblia. Antiguo Testamento -- Historia de eventos bíblicos.
942 ## - TIPO DE MATERIAL (KOHA)
Tipo de Item KOHA Libros General
945 ## - INFORMACIÓN LOCAL DEL REGISTRO
Catalogador JTF-925
Existencias
Estado de Material Estado de Perdido Forma de Clasificación Estado de Dañado No para Préstamo Colección Biblioteca de Origen Biblioteca Permanente Fecha de Adquisición Área Total de Préstamos Signatura Topográfica Código de Barras Última vez visto Última vez Préstado Ejemplar/Existencia Fecha de Remplazo Tipo de Material
    Dewey Decimal Classification     Colección General Biblioteca FUSBC Biblioteca FUSBC 04/03/2023 BIBLIA 1 G 221.93 H694a 24362 13/05/2025 12/05/2025 Ej. 1 04/03/2023 Libros General

Biblioteca FUSBC | Teléfono: (57+4) 349 88 10 Ext. 141| WhatsApp (+57) 3005338115 
E-mail: biblioteca@unisbc.edu.co | Calle 76 87-14 Robledo Palenque, Medellín, Colombia

Con tecnología Koha